000 00613nam a2200205 a 4500
005 20240911064824.0
008 170905s2013 mx r 000 0 spa d
020 _a9789684114593
035 _aUPN01000220215
049 _aCG
050 4 _aF1234 C3.7
_bG5.3
100 1 _aGilly, Adolfo,
_d1928-
_930989
245 1 3 _aEl cardenismo :
_buna utopía mexicana /
_cAdolfo Gilly.
260 _aMéxico :
_bEra,
_c2013.
300 _a384 p.
440 0 _aProblemas de México
600 1 4 _aCárdenas, Lázaro,
_d1895-1970
_xCrítica e interpretación
_96662
650 4 _aSocialismo
_zMéxico
_915064
905 _aLibro
999 _c192314
_d192314